ՀՀ Գիտությունների ազգային ակադեմիայի հիմնարար գիտական գրադարան  =   Fundamental Scientific Library of NAS RA

Երկեր / (Record no. 91360)

MARC details
000 -LEADER
fixed length control field 01226nam a2200289 a 4500
001 - CONTROL NUMBER
control field 000254024
003 - CONTROL NUMBER IDENTIFIER
control field AM-YeHGA
005 - DATE AND TIME OF LATEST TRANSACTION
control field 20250618071715.0
008 - FIXED-LENGTH DATA ELEMENTS--GENERAL INFORMATION
fixed length control field 030814s1984 ai |||||r|||||||||1|arm|d
040 ## - CATALOGING SOURCE
Original cataloging agency AM-YeHGA
041 0# - LANGUAGE CODE
Language code of text/sound track or separate title arm
090 ## - LOCALLY ASSIGNED LC-TYPE CALL NUMBER (OCLC); LOCAL CALL NUMBER (RLIN)
-- 92655
100 1# - MAIN ENTRY--PERSONAL NAME
Personal name Աբովյան, Խաչատուր Ավետիքի,
Dates associated with a name 1809-1848
9 (RLIN) 91
245 10 - TITLE STATEMENT
Title Երկեր /
Statement of responsibility, etc. Խ. Աբովյան ; Կազմ.՝ Հ.Հ. Ֆելեքյան ; Խմբ.՝ Բ.Հ. Անանիկյան; Առաջաբ.՝ Պ.Հ. Հակոբյան.
260 ## - PUBLICATION, DISTRIBUTION, ETC.
Place of publication, distribution, etc. Երևան :
Name of publisher, distributor, etc. Սովետական գրող,
Date of publication, distribution, etc. 1984.
300 ## - PHYSICAL DESCRIPTION
Extent 720 էջ ;
Dimensions 20 սմ.
440 #0 - SERIES STATEMENT/ADDED ENTRY--TITLE
Title Հայ դասականների գրադարան
9 (RLIN) 5121
500 ## - GENERAL NOTE
General note Տողատ. ծանոթագր.
500 ## - GENERAL NOTE
General note Ծանոթագրություններ, էջ` 704-718`
650 14 - SUBJECT ADDED ENTRY--TOPICAL TERM
Topical term or geographic name entry element Հայ գրականություն
General subdivision Երկեր
700 1# - ADDED ENTRY--PERSONAL NAME
Personal name Անանիկյան, Բակունց Հրաչիկի,
Dates associated with a name 1926-
Relator term խմբ.
Relationship edt
9 (RLIN) 2511
700 1# - ADDED ENTRY--PERSONAL NAME
Personal name Հակոբյան, Պիոն Հովսեփի,
Dates associated with a name 1926-2000
Relator term առաջաբ.
Relationship aui
9 (RLIN) 1206
740 0# - ADDED ENTRY--UNCONTROLLED RELATED/ANALYTICAL TITLE
Uncontrolled related/analytical title Վերք Հայաստանի
740 02 - ADDED ENTRY--UNCONTROLLED RELATED/ANALYTICAL TITLE
Uncontrolled related/analytical title Պարապ վախտի խաղալիք
740 02 - ADDED ENTRY--UNCONTROLLED RELATED/ANALYTICAL TITLE
Uncontrolled related/analytical title Զվարճալի ու կարճ պատմությունք
942 ## - ADDED ENTRY ELEMENTS (KOHA)
Source of classification or shelving scheme Universal Decimal Classification
Koha item type Գրքեր / Books
Holdings
Withdrawn status Lost status Damaged status Not for loan Collection Home library Current library Date acquired Total checkouts Full call number Barcode Date last seen Copy number Price effective from Koha item type Public note
        General Fundamental Scientific Library Fundamental Scientific Library 22/12/2016   AII/71172 FL0220167 22/12/2016 891.981 22/12/2016 Գրքեր / Books 30 Days Loan
        General Fundamental Scientific Library Fundamental Scientific Library 22/12/2016   AII/71565 220071565 22/12/2016   22/12/2016 Գրքեր / Books 30 Days Loan
        General Fundamental Scientific Library Fundamental Scientific Library 22/12/2016   AII/71566 FL0086053 22/12/2016   22/12/2016 Գրքեր / Books 30 Days Loan
        General Fundamental Scientific Library Fundamental Scientific Library 22/12/2016   AII/71567 220071567 22/12/2016   22/12/2016 Գրքեր / Books 30 Days Loan


ՀՀ ԳԱԱ հիմնարար գիտական գրադարան
ՀՀ,Երևան 0019
Մարշալ Բաղրամյան 24/6
հեռախոս:(374-10) 52-47-50
Հետադարձ կապ

All site content, except where otherwise noted, is licensed under a
Creative Commons License